[Event "Unterfränkischen EM 2014"]
[Site "Wörth am Main"]
[Date "2014.04.22"]
[Round "4.1"]
[White "Kuhn, Tobias"]
[Black "Englert, Fabian"]
[Result "1/2-1/2"]
[WhiteElo "2225"]
[BlackElo "2310"]
[PlyCount "33"]
[EventDate "2014.??.??"]

1. c4 c5 2. Nc3 g6 3. Nf3 Bg7 4. g3 Nc6 5. Bg2 d6 6. O-O e6 7. d3 Nge7 8. Bd2
O-O 9. Rb1 Qd7 10. a3 b6 11. b4 Bb7 12. e4 Rac8 13. Qa4 Rfd8 14. Rfd1 Nd4 15.
Nxd4 Qxa4 16. Nxa4 Bxd4 17. Nc3 1/2-1/2

[Event "Unterfränkischen EM 2014"]
[Site "Wörth am Main"]
[Date "2014.04.22"]
[Round "4.2"]
[White "Savina, Anastasia"]
[Black "Hock, Gerold"]
[Result "1-0"]
[WhiteElo "2389"]
[BlackElo "2097"]
[PlyCount "37"]
[EventDate "2014.??.??"]

1. d4 e6 2. c4 Nf6 3. Nc3 b6 4. e4 Bb4 5. Bd3 Bb7 6. Qc2 Bxc3+ 7. bxc3 d6 8. f4
Qe7 9. Nf3 Nfd7 10. O-O e5 11. c5 bxc5 12. Qb3 Bc8 13. fxe5 dxe5 14. Ng5 f6 15.
Ne6 Nb6 16. Nxc5 N8d7 17. Ba3 Nxc5 18. dxc5 Be6 19. cxb6 1-0

[Event "Unterfränkischen EM 2014"]
[Site "Wörth am Main"]
[Date "2014.04.22"]
[Round "4.3"]
[White "Basel, Matthias"]
[Black "Wurm, Alexander"]
[Result "0-1"]
[WhiteElo "2110"]
[BlackElo "2094"]
[PlyCount "80"]
[EventDate "2014.??.??"]

1. d4 d5 2. Nf3 Nf6 3. c4 e6 4. Nc3 Nbd7 5. Bf4 c6 6. e3 Be7 7. Qc2 O-O 8. h3
a6 9. c5 Re8 10. g4 b6 11. b4 a5 12. b5 Bb7 13. cxb6 c5 14. Bc7 Qc8 15. Na4 Ne4
16. Nd2 cxd4 17. Bd3 dxe3 18. Nxe4 dxe4 19. Bxe4 Nc5 20. Bc6 exf2+ 21. Kxf2
Nxa4 22. Qxa4 Bc5+ 23. Ke2 Bxc6 24. bxc6 Qa6+ 25. Ke1 Qd3 26. Qf4 e5 27. Qc1
Qe4+ 28. Kd2 Be3+ 29. Kc3 Qxc6+ 30. Kb2 Qb5+ 31. Kc2 Qc4+ 32. Kb2 Qb4+ 33. Kc2
Qe4+ 34. Kb2 Qb4+ 35. Kc2 Bxc1 36. Raxc1 Red8 37. Rcd1 Rd4 38. Rxd4 exd4 39.
Rd1 Re8 40. Rd2 Qc3+ 0-1

[Event "Unterfränkischen EM 2014"]
[Site "Wörth am Main"]
[Date "2014.04.22"]
[Round "4.4"]
[White "Amtmann, Florian"]
[Black "Kwossek, Georg"]
[Result "1-0"]
[WhiteElo "2158"]
[BlackElo "2015"]
[PlyCount "81"]
[EventDate "2014.??.??"]

1. e4 d6 2. d4 Nf6 3. f3 Nbd7 4. Be3 e5 5. Nc3 Be7 6. Qd2 c6 7. Nge2 a6 8. g4
b5 9. Ng3 exd4 10. Bxd4 Ne5 11. Be2 b4 12. Nd1 c5 13. Be3 g6 14. h3 Be6 15. g5
Nh5 16. Nxh5 gxh5 17. b3 d5 18. f4 d4 19. Bf2 h6 20. fxe5 Bxg5 21. Qd3 h4 22.
Nb2 Rg8 23. Qf3 Qd7 24. Nc4 Ra7 25. Nd6+ Kd8 26. Nf5 Qc7 27. Nxh6 Rg6 28. Ng4
Bxg4 29. hxg4 Qxe5 30. Qf5 Qh8 31. Qd5+ Ke8 32. Bd3 Be3 33. Qxc5 Bxf2+ 34. Kxf2
Rf6+ 35. Ke2 Qh6 36. Qxd4 Qf4 37. Raf1 Qxg4+ 38. Kd2 Qg5+ 39. Kd1 Rd7 40. Qxf6
Qg4+ 41. Qf3 1-0

[Event "Unterfränkischen EM 2014"]
[Site "Wörth am Main"]
[Date "2014.04.22"]
[Round "4.5"]
[White "Ersoez, Can"]
[Black "Kunz, Konstantin"]
[Result "0-1"]
[WhiteElo "2034"]
[BlackElo "2198"]
[PlyCount "82"]
[EventDate "2014.??.??"]

1. e4 c5 2. b3 a6 3. Bb2 Nc6 4. f4 d5 5. exd5 Qxd5 6. Nc3 Qd6 7. Nf3 Qxf4 8.
Nd5 Qd6 9. Nb6 Rb8 10. Bc4 Nf6 11. O-O Bg4 12. Qe1 Bxf3 13. Rxf3 Nd4 14. Bxd4
cxd4 15. Qg3 Qxg3 16. Rxg3 e6 17. Bd3 Bd6 18. Rf3 Bc7 19. Nc4 b5 20. Nb2 Ng4
21. Rh3 Ne5 22. Be4 f5 23. Bd3 h5 24. a4 g5 25. Re1 h4 26. Bxf5 exf5 27. Nd3 g4
28. Nxe5 gxh3 29. Nc6+ Kd7 30. Nxb8+ Rxb8 31. axb5 axb5 32. gxh3 Ra8 33. Re2
Rg8+ 34. Kf1 Bd6 35. Rf2 Ke6 36. Ke2 Be5 37. Kd3 Rg1 38. c3 dxc3 39. dxc3 Rd1+
40. Kc2 Rh1 41. Kd3 Bxh2 0-1

[Event "Unterfränkischen EM 2014"]
[Site "Wörth am Main"]
[Date "2014.04.22"]
[Round "4.6"]
[White "Kuhn, Norbert"]
[Black "Vogt, Thomas"]
[Result "1-0"]
[WhiteElo "2161"]
[BlackElo "2023"]
[PlyCount "51"]
[EventDate "2014.??.??"]

1. e4 e5 2. d4 exd4 3. Nf3 Nc6 4. c3 d5 5. exd5 Qxd5 6. cxd4 Bg4 7. Be2 Bb4+ 8.
Nc3 Bxf3 9. Bxf3 Qc4 10. Be2 Bxc3+ 11. bxc3 Qxc3+ 12. Bd2 Qxd4 13. Qc1 Nge7 14.
O-O O-O 15. Bc3 Qc5 16. Qb2 Qg5 17. Rad1 Rfe8 18. Bf3 b6 19. Rd3 Qg6 20. Bxc6
Qxd3 21. Bxa8 Rxa8 22. Bxg7 Nf5 23. Bf6 c5 24. Qe5 Nd4 25. Re1 Qf5 26. Qe8+ 1-0

[Event "Unterfränkischen EM 2014"]
[Site "Wörth am Main"]
[Date "2014.04.22"]
[Round "4.7"]
[White "Frey, Michael"]
[Black "Pfarr, Michael"]
[Result "1/2-1/2"]
[WhiteElo "2083"]
[BlackElo "2074"]
[PlyCount "78"]
[EventDate "2014.??.??"]

1. e4 c5 2. d4 cxd4 3. c3 d3 4. Bxd3 Nc6 5. Nf3 d6 6. h3 g6 7. c4 Bg7 8. O-O
Nf6 9. Nc3 O-O 10. Be3 Nd7 11. Rc1 Qa5 12. Bb1 Nde5 13. Nxe5 dxe5 14. a3 Be6
15. Nd5 Qd8 16. b4 Qd7 17. Bc5 Rfe8 18. Rc3 Nd4 19. Bc2 Bxd5 20. cxd5 Rec8 21.
Bd3 b6 22. Bxd4 exd4 23. Rc4 e6 24. Qg4 Rxc4 25. Bxc4 Qc7 26. Bb3 Qc3 27. Rb1
Qd3 28. Qd1 Qxe4 29. dxe6 fxe6 30. Qe1 Qxe1+ 31. Rxe1 Rd8 32. Rxe6 Kf8 33. Rc6
Re8 34. Be6 Ke7 35. Rc8 Rxc8 36. Bxc8 Kd6 37. Kf1 Kd5 38. Ba6 Bh6 39. Bd3 a5
1/2-1/2

[Event "Unterfränkischen EM 2014"]
[Site "Wörth am Main"]
[Date "2014.04.22"]
[Round "4.8"]
[White "Scholz, Stefan"]
[Black "Flach, Manuel"]
[Result "1-0"]
[WhiteElo "2046"]
[BlackElo "1908"]
[PlyCount "97"]
[EventDate "2014.??.??"]

1. d4 c5 2. d5 Nf6 3. c4 e6 4. Nc3 exd5 5. cxd5 d6 6. g3 g6 7. Bg2 Bg7 8. Nf3
O-O 9. O-O Re8 10. Nd2 Nbd7 11. a4 a6 12. Nc4 Ne5 13. Na3 b6 14. h3 Qe7 15. Re1
Bb7 16. Kh2 h6 17. f4 Ned7 18. Bd2 Nh5 19. e4 Rad8 20. Nc4 Qf8 21. g4 Nhf6 22.
e5 dxe5 23. fxe5 Nxe5 24. Nxe5 Rxe5 25. Rxe5 Nxg4+ 26. Qxg4 Bxe5+ 27. Bf4 Bxc3
28. bxc3 Bxd5 29. Rd1 Bxg2 30. Rxd8 Qxd8 31. Kxg2 Qd5+ 32. Qf3 Qa2+ 33. Kg3 g5
34. Be5 Kf8 35. Qa8+ Ke7 36. Qb7+ Ke6 37. Bg7 Qd2 38. Qxb6+ Kd7 39. Qb7+ Ke6
40. Qxa6+ Kd7 41. Qb5+ Kd6 42. Bf8+ Ke6 43. Qc6+ Kf5 44. Qxc5+ Ke6 45. Qe7+ Kf5
46. Qxf7+ Ke4 47. Qe6+ Kd3 48. Qd5+ Kxc3 49. Qxd2+ 1-0

[Event "Unterfränkischen EM 2014"]
[Site "Wörth am Main"]
[Date "2014.04.22"]
[Round "4.1"]
[White "Schneider, Jana"]
[Black "Helgert, Johannes"]
[Result "1/2-1/2"]
[WhiteElo "1766"]
[BlackElo "1993"]
[PlyCount "59"]
[EventDate "2014.??.??"]

1. e4 e6 2. d4 d5 3. Nd2 Nf6 4. e5 Nfd7 5. Bd3 c5 6. c3 Nc6 7. Ne2 cxd4 8. cxd4
f6 9. exf6 Nxf6 10. Nf3 Bd6 11. O-O Qc7 12. Bg5 O-O 13. Nc3 a6 14. Rc1 h6 15.
Bh4 Qf7 16. Bg3 Bxg3 17. hxg3 Ng4 18. Qc2 Nxd4 19. Qd1 Qh5 20. Nh4 Rf6 21. Qa4
g5 22. Bg6 Rxg6 23. Qe8+ Kg7 24. Qe7+ Kg8 25. Qe8+ Kg7 26. Nxd5 Ne2+ 27. Kh1
Nxc1 28. Qe7+ Kh8 29. Qe8+ Kg7 30. Qe7+ 1/2-1/2

[Event "Unterfränkischen EM 2014"]
[Site "Wörth am Main"]
[Date "2014.04.22"]
[Round "4.2"]
[White "Böhl, Marius"]
[Black "Müller, Lutz"]
[Result "1-0"]
[WhiteElo "1743"]
[BlackElo "2102"]
[PlyCount "51"]
[EventDate "2014.??.??"]

1. d4 d5 2. Nf3 Nf6 3. e3 Bg4 4. Bd3 e6 5. O-O Bd6 6. Nbd2 c6 7. c3 Qc7 8. Qc2
Nbd7 9. h3 Bh5 10. c4 dxc4 11. Bxc4 O-O 12. b3 Bg6 13. Bd3 Bxd3 14. Qxd3 e5 15.
Bb2 Rad8 16. Qc2 Bb4 17. dxe5 Nxe5 18. Bxe5 Rxd2 19. Qxd2 Qa5 20. Qb2 Ba3 21.
Qc3 Bb4 22. Qc4 Re8 23. Bxf6 gxf6 24. a3 Bf8 25. Rfe1 Qc7 26. Qg4+ 1-0

[Event "Unterfränkischen EM 2014"]
[Site "Wörth am Main"]
[Date "2014.04.22"]
[Round "4.3"]
[White "Markert, Markus"]
[Black "Chen, Jiaoji"]
[Result "1/2-1/2"]
[WhiteElo "2019"]
[BlackElo "1607"]
[PlyCount "135"]
[EventDate "2014.??.??"]

1. e4 d6 2. d4 Nf6 3. Nc3 g6 4. Bd3 Bg7 5. Nf3 O-O 6. h3 c5 7. d5 c4 8. Bxc4 b5
9. Bd3 b4 10. Ne2 a5 11. O-O Na6 12. Ned4 Bb7 13. Re1 Qc8 14. a3 e6 15. dxe6
fxe6 16. Bxa6 Rxa6 17. e5 dxe5 18. Nxe5 Ne4 19. f4 Rd6 20. axb4 Rfd8 21. Be3
axb4 22. Ra4 Qc5 23. c3 bxc3 24. Rc4 Qb6 25. bxc3 Ba6 26. Rb4 Qc5 27. Qb3 Qxc3
28. Qxc3 Nxc3 29. Ndf3 Nd5 30. Rb3 Nxe3 31. Rbxe3 Bxe5 32. Rxe5 Bc4 33. Ng5 Rd1
34. Kh2 Rxe1 35. Rxe1 h6 36. Nf3 Bd5 37. Ne5 Kg7 38. Re2 Rf8 39. g3 Ra8 40. g4
Ra2 41. Rxa2 Bxa2 42. h4 h5 43. g5 Bb1 44. Kg3 Kf8 45. Kf2 Ke7 46. Ke3 Bf5 47.
Kd4 Kd6 48. Nc4+ Ke7 49. Ke5 Bg4 50. Kd4 Bh3 51. Kc5 Bg2 52. Kb6 Be4 53. Kc7 e5
54. fxe5 Ke6 55. Kd8 Bd3 56. Nb6 Kxe5 57. Ke7 Kf4 58. Kf6 Kg4 59. Nd7 Kxh4 60.
Ne5 Bb1 61. Nxg6+ Kg3 62. Ne7 h4 63. Nf5+ Bxf5 64. Kxf5 h3 65. g6 h2 66. g7
h1=Q 67. g8=Q+ Kh2 68. Qh8+ 1/2-1/2

[Event "Unterfränkischen EM 2014"]
[Site "Wörth am Main"]
[Date "2014.04.22"]
[Round "4.4"]
[White "Scholz, Michael"]
[Black "Schandel, Dietmar"]
[Result "1-0"]
[WhiteElo "1876"]
[BlackElo "1853"]
[PlyCount "167"]
[EventDate "2014.??.??"]

1. b4 d5 2. Bb2 Bf5 3. e3 e6 4. Nf3 Nf6 5. b5 a6 6. a4 axb5 7. axb5 Rxa1 8.
Bxa1 Nbd7 9. Nh4 Bg4 10. Nf3 c5 11. c4 Bd6 12. h3 Bxf3 13. gxf3 dxc4 14. Bxc4
Be5 15. Nc3 Nb6 16. Be2 Nfd5 17. Ne4 Qc7 18. Rg1 Nb4 19. Kf1 Ke7 20. f4 Bf6 21.
Bxf6+ gxf6 22. Qa1 N4d5 23. Rg7 Ra8 24. Qc1 Nd7 25. Bh5 Rf8 26. Qa3 b6 27. Rxh7
Nxf4 28. exf4 Qxf4 29. Qf3 Qe5 30. Nc3 Qd4 31. Qe3 Qc4+ 32. Qe2 Qd4 33. Qe3
Qc4+ 34. Be2 Qb3 35. f4 Ra8 36. Kf2 Rg8 37. Bh5 Rf8 38. Bf3 Qc2 39. Be4 Qc1 40.
Bg6 Qh1 41. Qf3 Qh2+ 42. Kf1 Qxd2 43. Ne2 Ke8 44. Qa8+ Ke7 45. Qe4 Qb2 46. f5
e5 47. Qc4 Qb1+ 48. Kf2 Kd8 49. Rxf7 Rxf7 50. Qxf7 Qxb5 51. Qg8+ Kc7 52. Be8 c4
53. Qf7 Qc5+ 54. Kf1 Qc6 55. Qxd7+ Qxd7 56. Bxd7 Kxd7 57. Nc3 Ke8 58. Kf2 Kf7
59. Kf3 Kg7 60. Ke4 Kh6 61. Kd5 Kg5 62. Ke6 b5 63. Nxb5 e4 64. h4+ Kf4 65. Kxf6
Ke3 66. Kg6 Kd3 67. f6 e3 68. f7 e2 69. f8=Q e1=Q 70. Qf5+ Kd2 71. Qd5+ Kc2 72.
Qxc4+ Kb1 73. Na3+ Kb2 74. Nb5 Qe8+ 75. Kf5 Qh5+ 76. Ke6 Qe8+ 77. Kd5 Qd8+ 78.
Kc5 Qe7+ 79. Nd6 Qe5+ 80. Qd5 Qe7 81. Qd4+ Ka2 82. Qd5+ Ka1 83. Qa8+ Kb1 84.
Qb7+ 1-0

[Event "Unterfränkischen EM 2014"]
[Site "Wörth am Main"]
[Date "2014.04.22"]
[Round "4.5"]
[White "Kirchner, Michael"]
[Black "Drewes, Thomas"]
[Result "1/2-1/2"]
[WhiteElo "1973"]
[BlackElo "1912"]
[PlyCount "42"]
[EventDate "2014.??.??"]

1. d4 d5 2. Nf3 c6 3. e3 Nf6 4. Ne5 Nbd7 5. Bd3 e6 6. O-O Nxe5 7. dxe5 Nd7 8.
f4 Nc5 9. Be2 Ne4 10. Nd2 Nxd2 11. Qxd2 Bd7 12. b3 Qb6 13. Bb2 c5 14. c4 Bc6
15. Rad1 O-O-O 16. Bc3 dxc4 17. Qxd8+ Qxd8 18. Rxd8+ Kxd8 19. Bxc4 g6 20. Rd1+
Kc7 21. Kf2 Be7 1/2-1/2

[Event "Unterfränkischen EM 2014"]
[Site "Wörth am Main"]
[Date "2014.04.22"]
[Round "4.7"]
[White "Hofstetter, Hans-Joachim"]
[Black "Bastian, Holger"]
[Result "1-0"]
[WhiteElo "2179"]
[BlackElo "1788"]
[PlyCount "67"]
[EventDate "2014.??.??"]

1. e4 d6 2. d4 Nf6 3. Nc3 g6 4. g3 Bg7 5. Bg2 O-O 6. Nge2 c6 7. O-O Nbd7 8. a4
e5 9. b3 a5 10. Ba3 exd4 11. Qxd4 Ne8 12. Qd2 Qc7 13. Rad1 Nc5 14. h3 Bf6 15.
Qe3 Na6 16. Rd2 Be7 17. Rfd1 Be6 18. Nd4 Nb4 19. f4 Nf6 20. g4 d5 21. e5 Ne4
22. Bxe4 dxe4 23. Nxe6 fxe6 24. Rd7 Nxc2 25. Rxc7 Nxe3 26. Rdd7 Rxf4 27. Rxe7
Rf1+ 28. Kh2 Rf2+ 29. Kg3 Rf3+ 30. Kh4 Ng2+ 31. Kg5 h6+ 32. Kxh6 Rxh3+ 33. Kg5
Rxc3 34. Rg7+ 1-0

[Event "Unterfränkischen EM 2014"]
[Site "Wörth am Main"]
[Date "2014.04.22"]
[Round "4.8"]
[White "Simon, Jonathan"]
[Black "Nagel, Erwin"]
[Result "0-1"]
[WhiteElo "1938"]
[BlackElo "1943"]
[PlyCount "73"]
[EventDate "2014.??.??"]

1. d4 Nf6 2. Nf3 d6 3. c4 Nbd7 4. Nc3 c6 5. e4 e5 6. d5 cxd5 7. cxd5 a6 8. a4
a5 9. Bb5 Be7 10. O-O O-O 11. Bxd7 Nxd7 12. Nd2 Nc5 13. Nc4 f5 14. f3 f4 15.
Nb5 g5 16. Nxe5 dxe5 17. d6 Bxd6 18. Nxd6 Be6 19. Ra3 Qb6 20. Nb5 Nxe4+ 21. Nd4
Nf6 22. Re1 exd4 23. Re5 h6 24. Qd3 Kg7 25. h4 Nh7 26. Rb5 Qd6 27. Bd2 b6 28.
b4 Bd7 29. Bc3 Bxb5 30. Bxd4+ Nf6 31. axb5 axb4 32. h5 Qxd4+ 33. Qxd4 bxa3 34.
Qd3 a2 35. Qg6+ Kh8 36. Qxh6+ Nh7 37. Qxf8+ 0-1

[Event "Unterfränkischen EM 2014"]
[Site "Wörth am Main"]
[Date "2014.04.22"]
[Round "4.9"]
[White "Reitz, Helmut"]
[Black "Rößner, Uwe"]
[Result "1/2-1/2"]
[WhiteElo "1831"]
[BlackElo "1863"]
[PlyCount "103"]
[EventDate "2014.??.??"]

1. d4 d6 2. Nf3 Nd7 3. e4 e5 4. c3 Be7 5. Bd3 Ngf6 6. O-O O-O 7. Bg5 h6 8. Bh4
Re8 9. Qb3 exd4 10. cxd4 Nxe4 11. Bxe4 Bxh4 12. Bd5 Rf8 13. Nc3 c6 14. Be4 Be7
15. Rfe1 Nf6 16. Bd3 Qc7 17. h3 Be6 18. Rxe6 fxe6 19. Qxe6+ Kh8 20. Nh4 Rfe8
21. Ng6+ Kh7 22. Nxe7+ Kh8 23. Ng6+ Kh7 24. Qb3 d5 25. Ne5+ Kh8 26. Qc2 Kg8 27.
Bg6 Re7 28. Ne2 c5 29. Nf3 c4 30. Ne5 b5 31. Ng3 Rf8 32. Bf5 Rxe5 33. dxe5 Qxe5
34. Qe2 Qc7 35. Rd1 Rd8 36. Rd4 Qc5 37. Qd2 b4 38. Ne2 Re8 39. Kf1 a5 40. Nf4
c3 41. bxc3 bxc3 42. Qd1 Ne4 43. Bxe4 dxe4 44. Ne2 c2 45. Qc1 Rb8 46. Qd2 Rb1+
47. Nc1 Rxc1+ 48. Qxc1 Qxd4 49. Qxc2 a4 50. g3 a3 51. Qb3+ Kh7 52. Qxa3 1/2-1/2

[Event "Unterfränkischen EM 2014"]
[Site "Wörth am Main"]
[Date "2014.04.22"]
[Round "4.10"]
[White "Blank, Stefan"]
[Black "Thomele, Michael"]
[Result "1-0"]
[WhiteElo "1865"]
[BlackElo "1908"]
[PlyCount "81"]
[EventDate "2014.??.??"]

1. e4 e5 2. Nf3 Nc6 3. d3 d6 4. c3 Nf6 5. Be2 Be7 6. O-O O-O 7. a4 a5 8. Na3 d5
9. Qc2 Bg4 10. h3 Be6 11. Ng5 Bd7 12. Re1 h6 13. Nf3 Be6 14. Bf1 d4 15. Nb5
dxc3 16. bxc3 Nh7 17. Bb2 Ng5 18. Nd2 f5 19. Rac1 fxe4 20. Nxe4 Nxe4 21. Rxe4
Bf5 22. Ree1 Bc5 23. Qb3+ Kh8 24. d4 exd4 25. cxd4 Bb4 26. Red1 Rc8 27. d5 Ne7
28. Qg3 Ng6 29. Rxc7 Rxc7 30. Qxc7 Qxc7 31. Nxc7 Bc2 32. Rc1 Bxa4 33. Ne6 Rf7
34. Bd3 Nf8 35. Rc8 Kg8 36. Bg6 Rd7 37. Be8 Bd6 38. Bxd7 Bxd7 39. Ra8 b6 40.
Nxf8 Bxf8 41. Ba3 1-0

[Event "Unterfränkischen EM 2014"]
[Site "Wörth am Main"]
[Date "2014.04.22"]
[Round "4.1"]
[White "Heller, Thomas"]
[Black "Wilm, Johannes"]
[Result "1/2-1/2"]
[WhiteElo "1809"]
[BlackElo "1551"]
[PlyCount "83"]
[EventDate "2014.??.??"]

1. e4 d6 2. d4 Nf6 3. Nc3 g6 4. Be2 Bg7 5. Nf3 O-O 6. O-O Nc6 7. d5 Nb8 8. Be3
e5 9. Qd2 Ne8 10. h3 f5 11. Bg5 Nf6 12. exf5 gxf5 13. Rad1 Nbd7 14. b4 Qe8 15.
Bh6 Qg6 16. Bxg7 Qxg7 17. Qg5 Qxg5 18. Nxg5 Nb6 19. a4 a5 20. b5 h6 21. Nf3 Nh7
22. Nd2 f4 23. f3 Bf5 24. Nde4 Nf6 25. Nxf6+ Rxf6 26. Ne4 Rg6 27. Kh2 Bxe4 28.
fxe4 Nxa4 29. Bd3 Nc5 30. Rf3 Kh7 31. g3 fxg3+ 32. Rxg3 Rxg3 33. Kxg3 Rf8 34.
Re1 b6 35. Kg2 Rf4 36. Kg3 Kg6 37. Rg1 Kf7 38. Re1 Kf6 39. Re3 Nxd3 40. Rxd3
Rf1 41. Rc3 Rg1+ 42. Kh4 1/2-1/2

[Event "Unterfränkischen EM 2014"]
[Site "Wörth am Main"]
[Date "2014.04.22"]
[Round "4.2"]
[White "Beyersdorf, Gunter"]
[Black "Kraus, Arnold"]
[Result "0-1"]
[WhiteElo "1787"]
[BlackElo "1656"]
[PlyCount "78"]
[EventDate "2014.??.??"]

1. d4 g6 2. Nf3 Bg7 3. c4 d6 4. Bf4 Nf6 5. h3 O-O 6. Nc3 Nbd7 7. e4 c5 8. e5
Ne8 9. Be2 cxd4 10. Qxd4 Qa5 11. Qe3 dxe5 12. Bh6 f5 13. Bxg7 Nxg7 14. O-O e4
15. Nd4 Qe5 16. Rfd1 Nf6 17. f4 Qb8 18. g3 e5 19. Ndb5 exf4 20. gxf4 Ngh5 21.
Nd6 Be6 22. c5 a6 23. b4 Qc7 24. Rd2 Qg7 25. Kf2 Qh6 26. Bxh5 Nxh5 27. Rg1 Nxf4
28. Rg3 Qh4 29. Kg1 Nh5 30. Rgg2 f4 31. Qxe4 Qxh3 32. Nd5 Ng3 33. Ne7+ Kg7 34.
Qe5+ Rf6 35. Kf2 Qh4 36. Rxg3 Qxg3+ 37. Kf1 Bh3+ 38. Rg2 Bxg2+ 39. Ke2 f3+ 0-1

[Event "Unterfränkischen EM 2014"]
[Site "Wörth am Main"]
[Date "2014.04.22"]
[Round "4.3"]
[White "Englert, Fred"]
[Black "Saftenberger, Wolfgang"]
[Result "1/2-1/2"]
[WhiteElo "1813"]
[BlackElo "1682"]
[PlyCount "59"]
[EventDate "2014.??.??"]

1. c4 c5 2. Nf3 Nf6 3. Nc3 g6 4. g3 Bg7 5. Bg2 Nc6 6. d4 cxd4 7. Nxd4 O-O 8.
O-O Nxd4 9. Qxd4 d6 10. h3 a6 11. Qd3 Rb8 12. b3 Bf5 13. Qe3 Ne4 14. Bb2 Nxc3
15. Bxc3 Bxc3 16. Qxc3 Qc8 17. Qe3 Re8 18. Kh2 Bd7 19. Rfd1 Bc6 20. Bd5 b6 21.
Qf3 Bxd5 22. Qxd5 Qb7 23. Qd4 Rbc8 24. Rac1 a5 25. a4 Qc6 26. e4 Qc5 27. Kg2
Qxd4 28. Rxd4 Rc5 29. Rcd1 f6 30. Rd5 1/2-1/2

[Event "Unterfränkischen EM 2014"]
[Site "Wörth am Main"]
[Date "2014.04.22"]
[Round "4.4"]
[White "Schwarz, Tobias"]
[Black "Chen, Jiuli"]
[Result "1-0"]
[WhiteElo "1634"]
[BlackElo "1493"]
[PlyCount "53"]
[EventDate "2014.??.??"]

1. e4 d6 2. d4 Nf6 3. Nc3 g6 4. f3 Bg7 5. Be3 O-O 6. Qd2 b6 7. O-O-O Nbd7 8.
Nge2 c5 9. Bh6 Ba6 10. h4 Rc8 11. Bxg7 Kxg7 12. h5 cxd4 13. Nxd4 Bxf1 14. hxg6
fxg6 15. Ne6+ Kf7 16. Nxd8+ Rfxd8 17. Rdxf1 Rc7 18. Nd5 Nxd5 19. Qxd5+ e6 20.
Qxd6 Rdc8 21. c3 Nf6 22. Qf4 Kg7 23. Rd1 Nh5 24. Qe5+ Kf7 25. Rd6 Ke8 26. Qxe6+
Kf8 27. Rd7 1-0

[Event "Unterfränkischen EM 2014"]
[Site "Wörth am Main"]
[Date "2014.04.22"]
[Round "4.5"]
[White "Weikert, Benedikt"]
[Black "Trapp, Kevin"]
[Result "1/2-1/2"]
[WhiteElo "1744"]
[BlackElo "1637"]
[PlyCount "48"]
[EventDate "2014.??.??"]

1. d4 Nf6 2. c4 g6 3. Nc3 Bg7 4. e4 d6 5. Be2 O-O 6. Be3 Nc6 7. h4 Ne8 8. h5 e6
9. Qd2 Qe7 10. Nf3 Nf6 11. hxg6 fxg6 12. Bh6 Ng4 13. Bxg7 Qxg7 14. e5 dxe5 15.
Ng5 Nf6 16. dxe5 Nxe5 17. O-O-O Nf7 18. Rhf1 Qh6 19. Nxf7 Qxd2+ 20. Rxd2 Kxf7
21. Nb5 Bd7 22. Bf3 Bxb5 23. cxb5 Rab8 24. Rc2 Rfc8 1/2-1/2

[Event "Unterfränkischen EM 2014"]
[Site "Wörth am Main"]
[Date "2014.04.22"]
[Round "4.6"]
[White "Albert, Samuel"]
[Black "Liebler, Jürgen"]
[Result "0-1"]
[WhiteElo "1464"]
[BlackElo "1684"]
[PlyCount "38"]
[EventDate "2014.??.??"]

1. d4 Nf6 2. c4 e6 3. Nf3 b6 4. g3 Bb7 5. Bg2 c5 6. O-O cxd4 7. Nxd4 Bxg2 8.
Kxg2 Bc5 9. Bg5 h6 10. Bf4 Bxd4 11. Qxd4 Nc6 12. Qd1 g5 13. Bd6 Ne4 14. Re1 Qf6
15. Ba3 Qxf2+ 16. Kh1 Qf5 17. Qc1 h5 18. Nc3 h4 19. Rf1 Nxg3+ 0-1

[Event "Unterfränkischen EM 2014"]
[Site "Wörth am Main"]
[Date "2014.04.22"]
[Round "4.9"]
[White "Paeslack, Luis"]
[Black "Stolcz, Frank"]
[Result "1-0"]
[WhiteElo "1491"]
[BlackElo "1479"]
[PlyCount "37"]
[EventDate "2014.??.??"]

1. e4 d6 2. d4 g6 3. Nf3 Bg7 4. Nc3 e6 5. Be3 Ne7 6. Be2 Nd7 7. Qd2 O-O 8.
O-O-O Re8 9. h4 b6 10. Rh2 e5 11. d5 a5 12. Rdh1 Nf8 13. h5 c6 14. hxg6 fxg6
15. Bh6 Bf6 16. Bxf8 Rxf8 17. Rxh7 Bg4 18. Qh6 Rc8 19. Ng5 1-0

[Event "Unterfränkischen EM 2014"]
[Site "Wörth am Main"]
[Date "2014.04.22"]
[Round "4.10"]
[White "Mattern, Kilian"]
[Black "Träger, Dominik"]
[Result "1-0"]
[WhiteElo "1446"]
[BlackElo "1615"]
[PlyCount "67"]
[EventDate "2014.??.??"]

1. e4 e6 2. d4 d5 3. e5 c5 4. c3 cxd4 5. cxd4 Bb4+ 6. Bd2 Bxd2+ 7. Nxd2 Nc6 8.
Ngf3 Qb6 9. Nb3 Nge7 10. Be2 O-O 11. O-O Qd8 12. Qd2 Bd7 13. Nc5 b6 14. Nb7 Qb8
15. Nd6 f6 16. exf6 Rxf6 17. Nb5 Nf5 18. Bd3 Nce7 19. Ne5 Rh6 20. f4 Bxb5 21.
Bxb5 Nd6 22. Bd3 Qe8 23. g4 Rf6 24. Rac1 h5 25. g5 Rf8 26. Qd1 Nef5 27. Bxf5
Nxf5 28. g6 Qb5 29. Qxh5 Rfe8 30. Qh7+ Kf8 31. Qh8+ Ke7 32. Rc7+ Kd6 33. Rfc1
Rxh8 34. Nf7# 1-0

[Event "Unterfränkischen EM 2014"]
[Site "Wörth am Main"]
[Date "2014.04.22"]
[Round "4.11"]
[White "Häusler, Luis"]
[Black "Pfister, Gerhard"]
[Result "1-0"]
[WhiteElo "1281"]
[BlackElo "1487"]
[PlyCount "89"]
[EventDate "2014.??.??"]

1. e4 c5 2. Nf3 a6 3. d4 cxd4 4. Nxd4 Nf6 5. Nc3 e5 6. Nb3 Bb4 7. Bd2 Qc7 8.
Bd3 d6 9. Qe2 O-O 10. f3 Be6 11. h4 Nh5 12. Qf2 Nf4 13. Qf1 Nd7 14. g3 Nxd3+
15. Qxd3 f5 16. Nd5 Bxd2+ 17. Qxd2 Bxd5 18. Qxd5+ Kh8 19. O-O-O Rac8 20. Rh2
fxe4 21. Qxd6 Nf6 22. fxe4 Nxe4 23. Qd3 Nf2 24. Qd2 Nxd1 25. Qxd1 a5 26. a4 Qc4
27. Nxa5 Qxa4 28. Nb3 Rfd8 29. Rd2 Rxd2 30. Qxd2 Rf8 31. Qe2 Qb4 32. Kb1 Qb6
33. Qxe5 Qc6 34. h5 Re8 35. Qf4 Rc8 36. c3 Qh1+ 37. Nc1 Qxh5 38. g4 Qc5 39. Qe4
Qb5 40. Qf3 Kg8 41. Ne2 Qb3 42. Nc1 Qb6 43. Qd5+ Kh8 44. Qf5 Rf8 45. Qxf8# 1-0

[Event "Unterfränkischen EM 2014"]
[Site "Wörth am Main"]
[Date "2014.04.22"]
[Round "4.12"]
[White "Porstendörfer, Yannik"]
[Black "Brennfleck, Martin"]
[Result "1/2-1/2"]
[WhiteElo "904"]
[BlackElo "1464"]
[PlyCount "140"]
[EventDate "2014.??.??"]

1. e4 e6 2. d4 d5 3. e5 c5 4. Nf3 Nc6 5. Bb5 Qb6 6. Bxc6+ bxc6 7. O-O cxd4 8.
Nxd4 Ne7 9. b3 Ng6 10. Be3 c5 11. Nf3 Be7 12. c4 d4 13. Bg5 Bb7 14. Bxe7 Nxe7
15. Na3 a6 16. Ng5 Ng6 17. Re1 Qc6 18. Qf3 Qc7 19. Qg3 h6 20. Nh3 h5 21. Nf4
Nxf4 22. Qxf4 h4 23. h3 Qe7 24. Rad1 Rh5 25. Rd3 Rf5 26. Qg4 Rg5 27. Qe2 Rxg2+
28. Kf1 Rh2 29. Qd2 Bg2+ 30. Ke2 Rxh3 31. Rxh3 Bxh3 32. Qd3 Qg5 33. Qxh3 d3+
34. Qxd3 Qxe5+ 35. Kd1 Qa1+ 36. Qb1 Rd8+ 37. Ke2 Qe5+ 38. Kf1 Qh2 39. Qh7 Qh3+
40. Kg1 Qg4+ 41. Kf1 Rd4 42. Nc2 Qh3+ 43. Ke2 Qg4+ 44. Kf1 Rd2 45. Ne3 Qh3+ 46.
Kg1 Qf3 47. Qxh4 Qf6 48. Qxf6 gxf6 49. a3 Rb2 50. b4 cxb4 51. axb4 Rxb4 52. Rc1
Kd7 53. Ra1 Rb6 54. c5 Rc6 55. Ng4 e5 56. Kg2 Ke6 57. Kf3 Kd5 58. Ke3 Kxc5 59.
Ke4 Kb5 60. Kf5 Rc4 61. Nxf6 Rf4+ 62. Kxe5 Rxf2 63. Rb1+ Kc4 64. Rc1+ Kb5 65.
Rb1+ Kc5 66. Ra1 Kb5 67. Rb1+ Kc6 68. Ra1 Kb5 69. Rb1+ Kc6 70. Ra1 Kb5 1/2-1/2

[Event "Unterfränkischen EM 2014"]
[Site "Wörth am Main"]
[Date "2014.04.22"]
[Round "4.14"]
[White "Diener, Konrad"]
[Black "Hartlaub, Marianne"]
[Result "0-1"]
[WhiteElo "1293"]
[BlackElo "1596"]
[PlyCount "120"]
[EventDate "2014.??.??"]

1. e4 d6 2. f4 Nf6 3. Nc3 c6 4. d4 Qa5 5. Bd2 Qb6 6. Nf3 Bg4 7. Be3 Qxb2 8. Bd2
Qb6 9. Be2 Nbd7 10. Rb1 Qc7 11. O-O Bxf3 12. Bxf3 e5 13. fxe5 dxe5 14. Bg5 Be7
15. d5 cxd5 16. Nxd5 Nxd5 17. Qxd5 Bxg5 18. Rxb7 Qc5+ 19. Kh1 Qxd5 20. exd5 Nc5
21. Rc7 Be7 22. Bg4 h5 23. Be2 Kd8 24. Rc6 f6 25. d6 Bxd6 26. Rxd6+ Kc7 27.
Rdd1 Rab8 28. Bc4 Rb2 29. Rd5 Ne4 30. Bb3 Rd8 31. Rxd8 Kxd8 32. h3 Nc3 33. Rf5
e4 34. Rc5 Nxa2 35. Kg1 Nc1 36. Bf7 h4 37. Rc4 f5 38. Bg6 Ne2+ 39. Kf2 Ng3 40.
Ke3 Rb5 41. Rd4+ Ke7 42. c4 Rb3+ 43. Kf4 Ne2+ 44. Ke5 Nxd4 45. Kxd4 Kf6 46. Bh5
Rg3 47. Kd5 Rd3+ 48. Kc6 Ke5 49. Kb7 a5 50. c5 Rd7+ 51. Kb6 a4 52. c6 Rd6 53.
Kb7 Rxc6 54. Kxc6 a3 55. Bf7 e3 56. Bc4 e2 57. Bxe2 a2 58. Kd7 a1=Q 59. Bf3
Qa7+ 60. Ke8 Kf6 0-1